[Event "BCF-chT4b 0405 (4NCL)"]
[Site "Telford"]
[Date "2005.01.15"]
[Round "3.3"]
[White "Bass, John W"]
[Black "Trevis, Philip"]
[Result "1/2-1/2"]
[WhiteElo "2102"]
[BlackElo "1840"]
[PlyCount "63"]
[EventDate "2004.11.06"]
[EventType "team-tourn"]
[EventRounds "11"]
[EventCountry "ENG"]
[SourceTitle "EXT 2006"]
[Source "ChessBase"]
[SourceDate "2005.11.24"]
[SourceVersion "1"]
[SourceVersionDate "2005.11.24"]
[SourceQuality "1"]
[WhiteTeam "Grendel's Mother"]
[BlackTeam "Halesowen"]
[WhiteTeamCountry "ENG"]
[BlackTeamCountry "ENG"]

1. d4 Nf6 2. Nf3 g6 3. c4 Bg7 4. Nc3 0-0 5. Bg5 d6 6. e3 Nbd7 7. Be2 b6 8. 0-0 Bb7 9. Qc2 Qe8 10. Rab1 a6 11. b4 Rc8 12. Rfc1 Ba8 13. Qb3 Ne4 14. Nxe4 Bxe4 15. Bd3 Bxf3 16. gxf3 e5 17. dxe5 Nxe5 18. Be2 Qc6 19. e4 Qd7 20. Bf1 Nc6 21. Be3 Qe7 22. c5 Nd4 23. Qd1 dxc5 24. bxc5 bxc5 25. Bxa6 Rcd8 26. Bxd4 Bxd4 27. Qf1 Qh4 28. Qg2 Ra8 29. Bc4 Rab8 30. Qg3 Qe7 31. Bd5 Be5 32. f4 1/2-1/2